000 00620nam a22001577a 4500
003 OSt
005 20170810075706.0
008 170810b xxu||||| |||| 00| 0 eng d
040 _cRUA
082 _aAGR LEA 2014 B549 Or.1
100 _911921
_aLEAP KLOEMCHANN,​លាភ ខ្ទឹមចន្ទន៍
245 _autilization of different rate cow manure fertilizer on lettuce ,ការប្រើប្រាស់កម្រិតជីលាមកគោខុសៗគ្នាលើដំណាំសាលាដ
260 _aphnom penh
_bRUA
_c2014
300 _axi;52p;
_bill;
_c29cm;
942 _2ddc
_cAGR
999 _c12087
_d12087